Costa Rica: migraciones interprovinciales 1963-1973 /

Αποθηκεύτηκε σε:
Λεπτομέρειες βιβλιογραφικής εγγραφής
Κύριος συγγραφέας: Bermúdez Méndez, Alicia
Άλλοι συγγραφείς: Rincón, Manuel
Μορφή: Κείμενο
Γλώσσα:Spanish
Έκδοση: San José: CELADE
Θέματα:
Ετικέτες: Προσθήκη ετικέτας
Δεν υπάρχουν, Καταχωρήστε ετικέτα πρώτοι!

MARC

LEADER 00000 a a2200000 04500
001 16822
003 cru CIDCACS/IIS
005 20231129114624.0
008 231129b |||||||| |||| 00| 0 spa d
040 |a CRAI/IIS  |c cru CIDCACS/IIS 
090 |a 004600  
100 |a Bermúdez Méndez, Alicia  
245 |a Costa Rica: migraciones interprovinciales 1963-1973 /  |c Alicia Bermúdez Méndez 
260 |a San José:   |b CELADE  
300 |a 61 p.  
650 |a MIGRACION INTERNA  
700 |a Rincón, Manuel  
942 |2 z  |c LI 
999 |c 8228  |d 8228